Представление документа в формате MARC21

Поле Инд. ПП Название Значение
Тип записи a
Библиографический уровень b
001 Контрольный номер RU/IS/BASE/202321163
005 Дата корректировки 20200522191022.9
008 Кодируемые данные 20060530
084 a Индекс другой классификации/Индекс ББК 60.74(2Рос); 63.1(2)5
100 1_ a Автор Назарова Е. А.
q Полное имя Назарова Елена Александровна
245 a Заглавие В. О. Ключевский о периодизации миграции населения
504 a Библиография Библиогр. ссылки
600 a Персоналии Ключевский Василий Осипович
650 a Основная рубрика демографическая политика
a Основная рубрика демография
a Основная рубрика историография (история исторической науки)
a Основная рубрика исторические науки
653 a Ключевые слова XIX век
a Ключевые слова XX век
a Ключевые слова историческая социология
a Ключевые слова история
a Ключевые слова колонизация
a Ключевые слова миграционная политика
a Ключевые слова миграция населения
a Ключевые слова переселение народов
a Ключевые слова Россия
773 t Заглавие источника Вестник Московского университета. Серия 18, Социология и политология
d Дата издания источника 2006
g Прочая информация № 1. - С. 70 - 83
w Контрольный № источника RU/IS/BASE/199372887
901 t Тип документа b